00251nam a22000857a 4500008004100000082002100041245006200062260003200124300000900156230704b xxu||||| |||| 00| 0 eng d a354.67bKMS 1988 a10 Great Years of Progress Kenya 1978 -1988bNyayo Decade bKenya Media Servicesc1988 a316p